|
|
|
|
| LEADER |
00793nab a2200193 i 4500 |
| 001 |
acta220 |
| 005 |
20210923140320.0 |
| 008 |
161015s1934 hu o 0|| hun d |
| 040 |
|
|
|a SZTE Egyetemi Kiadványok Repozitórium
|b hun
|
| 041 |
|
|
|a hun
|
| 100 |
1 |
|
|a Banner János
|
| 245 |
1 |
0 |
|a Ásatások a hódmezővásárhelyi határ batidai és gorzsai részében
|h [elektronikus dokumentum] /
|c Banner János
|
| 260 |
|
|
|c 1934
|
| 300 |
|
|
|a 251-270
|
| 490 |
0 |
|
|a Dolgozatok a Magyar Királyi Ferencz József Tudományegyetem Archaeologiai Intézetéből
|v 9-10
|
| 650 |
|
4 |
|a Bölcsészettudományok
|
| 650 |
|
4 |
|a Történettudomány és régészet
|
| 695 |
|
|
|a Régészet - leletek - Magyarország - regionális
|
| 856 |
4 |
0 |
|u http://acta.bibl.u-szeged.hu/220/1/dolgozatok_1933-34_251-270.pdf
|z Dokumentum-elérés
|